| 000 | 00782cam a2200265 a 4500 | ||
|---|---|---|---|
| 001 | 222978 | ||
| 003 | OSt | ||
| 005 | 20180921 | ||
| 008 | 0000001994 ADN 0000000000spa00 | ||
| 100 | _aGuzmán Alvarez, José Antonio | ||
| 245 |
_aLa obra de Balaguer : por sus frutos lo conoceréis _cJosé Antonio Guzmán Alvarez |
||
| 250 | _a2 | ||
| 260 |
_aSanto Domingo : _bImpresora Grafíl |
||
| 300 | _a164 p. | ||
| 504 | _aIncluye índice | ||
| 650 |
_aBalaguer Joaquín 1906-2002 _aElecciones _aPartido Revolucionario Social Cristiano PRSC _aRepública Dominicana |
||
| 040 |
_aDLC _cDLC |
||
| 942 |
_2ddc _cBK |
||
| 999 |
_c222978 _d22297800 |
||